Orientácia v turbulencii = Orientation in turbulence

Koncepcia orientácie podniku v podnikateľskom prostredí. Dynamika a zložitosť podnikateľského prostredia. Získavanie informácií o vonkajšom prostredí. Predvídanie budúceho vývoja a strategické plánovanie. Príklady úspešného a neúspešného predvídania. Výsledky prieskumu zameraného na orientáciu podni...

Descripción completa

Guardado en:
Detalles Bibliográficos
Autor principal: Slávik, Štefan, 1955-
Otros Autores: Romanová, Anita, 1973-, Vogl, Michaela
Formato: Capítulo de libro
Lenguaje:eslovaco
Materias:
Etiquetas: Agregar Etiqueta
Sin Etiquetas, Sea el primero en etiquetar este registro!

MARC

LEADER 00000naa$a2200000$$$4500
001 0048443
005 20240502071546.2
041 0 |a slo 
044 |a SK 
245 1 0 |a Orientácia v turbulencii = Orientation in turbulence 
520 |a Koncepcia orientácie podniku v podnikateľskom prostredí. Dynamika a zložitosť podnikateľského prostredia. Získavanie informácií o vonkajšom prostredí. Predvídanie budúceho vývoja a strategické plánovanie. Príklady úspešného a neúspešného predvídania. Výsledky prieskumu zameraného na orientáciu podnikov v turbulencii. 
610 2 0 |a podnikanie 
610 2 0 |a podnik 
610 2 0 |a prostredie podnikateľské 
610 2 0 |a stratégia podnikateľská 
610 2 0 |a stratégia podniková 
610 2 0 |a plánovanie 
610 2 0 |a konkurencia 
610 2 0 |a vývoj 
610 2 0 |a informácie 
100 1 |a Slávik, Štefan, 1955- 
700 1 |a Romanová, Anita, 1973- 
700 1 |a Vogl, Michaela